000
00207 a2200097 4500
001
18494
100
_a
Douglass C.E
245
_a
Descriptive geometry
260
_a
_b
Rinchart
_c
1971
090
_c
13730
_d
13730
942
_a
NUST-CAE
_c
M
_c
4148
999
_c
253567
_d
253567